| 000 | 00411nam a2200169Ia 4500 | ||
|---|---|---|---|
| 003 | OSt | ||
| 005 | 20240403110853.0 | ||
| 008 | 170619s9999 xx 000 0 und d | ||
| 020 | _a978-9385965050 | ||
| 040 | _cIIMT ENGINEERING COLLEGE | ||
| 100 | _aSharma R C | ||
| 245 | 0 | _aBusiness corresponding and report writing | |
| 260 | _bNew Delhi T M H | ||
| 260 | _c2003 | ||
| 546 | _aENGLISH | ||
| 942 |
_2ddc _c02 |
||
| 999 |
_c21817 _d21817 |
||